| 000 | 00752nam a2200217 i 4500 | ||
|---|---|---|---|
| 001 | 87318 | ||
| 003 | ES-MaACL | ||
| 005 | 20250927063036.0 | ||
| 007 | t| | ||
| 008 | 041221s1954 sp f |||| | spa d | ||
| 100 | 1 |
_aKrarup Nielsen, Aage, _dn. 1891 _9164984 |
|
| 245 | 1 | 0 |
_aQuimonos y uniformes _b: el nuevo Japón / _cAage Krarup Nielsen ; prólogo de E. Borrás Cubells ; [vertida al castellano por J.M. Adswar]. |
| 250 | _a1ª ed. | ||
| 260 |
_aBarcelona : _bEdiciones y Publicaciones, _c1954 ( _fJuvenil) |
||
| 300 |
_a246 p., 49 lám. ; _c22 cm. |
||
| 651 | 4 |
_aJapón- _xHistoria- _yS.XX. _98885 |
|
| 700 | 1 |
_aBorrás Cubells, Enric. _930558 |
|
| 700 | 1 |
_aAdswar, J. M. _918494 |
|
| 852 |
_aES-MaACL _jC-8510 |
||
| 999 |
_c87318 _d87318 |
||